01131nam a2200241Ia 4500001000600000003000900006008004100015040001300056040001300069041001300082100003000095100002900125245006500154245009000219250001100309260001100320260001600331260004900347300006100396500036200457650003900819650003100858A6557IT-RoPAU130308s9999 xx 000 0 und d aIT-RoPAU cIT-RoPAU aITALIANO aPiemontese Angelo Michele gCodice Aut. SPICS: 16699 aSistema e strumenti dell'Islam-Il lungo viaggio della parola bComunicazione nella storia (La)-4-Lo Sviluppo del pensiero e le forme del Comunicare a1a ed. aTORINO bSeat - Stet c1992 [1° Ed.:1992 - Ed.Ling.Originale:1992] a"102 p. (prefazione: no ; testo: 102 [pagine: 285-386])" aSistema: Tradizione, Ricezione e Trasmissione Canonica del Corano, Narrazione e Recitazione, Canone, Allusione, Divulgazione, Autorizzazione. Strumenti: Scrittura, Alfabeto, Abbecedario, Cifra, Epistola, Carta, Stampa. Ambiti: Mappa, Navigazione, Spedizione, Traduzione, Ricodificazione, Musica, Mercatura. Vie: Mare, Carovana, Pellegrinaggio. Bibliografia. aSTORIA DELLA COMUNICAZIONE SOCIALE eCodice materia Spics: 3808